Marketing Management (Record no. 299483)
[ view plain ]
| 000 -LEADER | |
|---|---|
| fixed length control field | 00292 a2200133 4500 |
| 001 - CONTROL NUMBER | |
| control field | 64410 |
| 082 ## - DEWEY DECIMAL CLASSIFICATION NUMBER | |
| Classification number | 658.802 KOT |
| 090 ## - LOCALLY ASSIGNED LC-TYPE CALL NUMBER (OCLC); LOCAL CALL NUMBER (RLIN) | |
| -- | 38038 |
| -- | 38038 |
| 100 ## - MAIN ENTRY--PERSONAL NAME | |
| Personal name | Kotler Philip |
| 245 ## - TITLE STATEMENT | |
| Title | Marketing Management |
| 250 ## - EDITION STATEMENT | |
| Edition statement | Millenium Edition |
| 260 ## - PUBLICATION, DISTRIBUTION, ETC. | |
| Date of publication, distribution, etc. | Prentice Hall |
| 300 ## - PHYSICAL DESCRIPTION | |
| Extent | 849p |
| 942 ## - ADDED ENTRY ELEMENTS (KOHA) | |
| Institution code [OBSOLETE] | NUST-CAE |
| Call number prefix | 658.802 KOT |
| Withdrawn status | Lost status | Damaged status | Not for loan | Collection code | Permanent Location | Current Location | Date acquired | Total Checkouts | Full call number | Barcode | Date last seen | Price effective from | Koha item type |
|---|---|---|---|---|---|---|---|---|---|---|---|---|---|
| College of Aeronautical Engineering (CAE) | College of Aeronautical Engineering (CAE) | 04/03/2017 | 658.802 KOT | CAEG-5235 | 04/05/2017 | 04/05/2017 | Book |
